Agreement Technologies Second International Conference, AT 2013, Beijing, China, August 1-2, 2013. Proceedings /

This volume constitutes the refereed proceedings of the Second International Conference on Agreement Technologies, AT 2013, held in Beijing, China, in August 2013. The 15 revised full papers presented together with two invited talks were carefully reviewed and selected from numerous submissions and...

Full description

Bibliographic Details
Corporate Author: SpringerLink (Online service)
Other Authors: Chesñevar, Carlos Iván (Editor), Onaindia, Eva (Editor), Ossowski, Sascha (Editor), Vouros, George (Editor)
Format: Electronic eBook
Language:English
Published: Berlin, Heidelberg : Springer Berlin Heidelberg : Imprint: Springer, 2013.
Series:Lecture Notes in Computer Science, 8068
Subjects:
Online Access:Full Text via HEAL-Link
LEADER 03219nam a22005895i 4500
001 978-3-642-39860-5
003 DE-He213
005 20151103130711.0
007 cr nn 008mamaa
008 130711s2013 gw | s |||| 0|eng d
020 |a 9783642398605  |9 978-3-642-39860-5 
024 7 |a 10.1007/978-3-642-39860-5  |2 doi 
040 |d GrThAP 
050 4 |a Q334-342 
050 4 |a TJ210.2-211.495 
072 7 |a UYQ  |2 bicssc 
072 7 |a TJFM1  |2 bicssc 
072 7 |a COM004000  |2 bisacsh 
082 0 4 |a 006.3  |2 23 
245 1 0 |a Agreement Technologies  |h [electronic resource] :  |b Second International Conference, AT 2013, Beijing, China, August 1-2, 2013. Proceedings /  |c edited by Carlos Iván Chesñevar, Eva Onaindia, Sascha Ossowski, George Vouros. 
264 1 |a Berlin, Heidelberg :  |b Springer Berlin Heidelberg :  |b Imprint: Springer,  |c 2013. 
300 |a X, 241 p. 59 illus.  |b online resource. 
336 |a text  |b txt  |2 rdacontent 
337 |a computer  |b c  |2 rdamedia 
338 |a online resource  |b cr  |2 rdacarrier 
347 |a text file  |b PDF  |2 rda 
490 1 |a Lecture Notes in Computer Science,  |x 0302-9743 ;  |v 8068 
505 0 |a Semantic technologies -- normative multiagent systems -- virtual organisations and electronic institutions -- argumentation and negotiation -- trust and reputation -- applications of agreement technologies -- agreement technologies architectures -- environments and methodologies -- interdisciplinary foundations of agreement technologies. 
520 |a This volume constitutes the refereed proceedings of the Second International Conference on Agreement Technologies, AT 2013, held in Beijing, China, in August 2013. The 15 revised full papers presented together with two invited talks were carefully reviewed and selected from numerous submissions and focus on topics such as semantic technologies, normative multiagent systems, virtual organisations and electronic institutions, argumentation and negotiation, trust and reputation, applications of agreement technologies, agreement technologies architectures, environments and methodologies, as well as interdisciplinary foundations of agreement technologies. 
650 0 |a Computer science. 
650 0 |a Computer organization. 
650 0 |a Computer communication systems. 
650 0 |a Computers. 
650 0 |a Artificial intelligence. 
650 1 4 |a Computer Science. 
650 2 4 |a Artificial Intelligence (incl. Robotics). 
650 2 4 |a Computer Systems Organization and Communication Networks. 
650 2 4 |a Computer Communication Networks. 
650 2 4 |a Information Systems and Communication Service. 
650 2 4 |a Information Systems Applications (incl. Internet). 
700 1 |a Chesñevar, Carlos Iván.  |e editor. 
700 1 |a Onaindia, Eva.  |e editor. 
700 1 |a Ossowski, Sascha.  |e editor. 
700 1 |a Vouros, George.  |e editor. 
710 2 |a SpringerLink (Online service) 
773 0 |t Springer eBooks 
776 0 8 |i Printed edition:  |z 9783642398599 
830 0 |a Lecture Notes in Computer Science,  |x 0302-9743 ;  |v 8068 
856 4 0 |u http://dx.doi.org/10.1007/978-3-642-39860-5  |z Full Text via HEAL-Link 
912 |a ZDB-2-SCS 
912 |a ZDB-2-LNC 
950 |a Computer Science (Springer-11645)